000 00299nam a22001337a 4500
008 210303b ||||| |||| 00| 0 eng d
020 _a9780131872943
041 _aeng
080 _28th
_a338
100 _a53
101 _aMEN
245 _aOperations Management
_cKrajewski,J.L
942 _2udc
_cBK
999 _c55640
_d55640